| 000 | 00525nam a2200157 a 4500 | ||
|---|---|---|---|
| 001 | 000018675 | ||
| 005 | 20200929165834.0 | ||
| 008 | 100512s1925 ht ac r 000 0 spa d | ||
| 040 |
_aDO-SdBNP _bspa _cBNPHU |
||
| 082 |
_axxx _bD717m |
||
| 100 | 1 |
_aDorsainvil, J. C., _q(Justin Chrysostome), _d1880-1942 _940332 |
|
| 245 | 1 | 0 |
_aManuel d´histoire d´Haiti / _cJ. C. Dorsainvil. |
| 260 |
_aPort-Au-Prince : _bProcure Des Fréres de l´instruction Chrétienne, _c1925. |
||
| 300 |
_a408 p. : _bil., retrs. ; _c19 cm. |
||
| 049 | _aBNGR | ||
| 999 |
_c18195 _d18195 |
||